Catálogo público

Food Machinery, for the Production of Cereal Foods and Confectionery / (Record no. 173216)

MARC details
000 -CABECERA
campo de control de longitud fija 00688nam a2200241Ia 4500
001 - NÚMERO DE CONTROL
campo de control dia_2697
003 - IDENTIFICADOR DEL NÚMERO DE CONTROL
campo de control CHAP
005 - FECHA Y HORA DE LA ÚLTIMA TRANSACCIÓN
campo de control 20230515133758.0
008 - DATOS DE LONGITUD FIJA--INFORMACIÓN GENERAL
campo de control de longitud fija 220117s1992 xx 000 0 und d
010 ## - NÚMERO DE CONTROL DE LA BIBLIOTECA DEL CONGRESO
Número de control de LC 173216
040 ## - FUENTE DE LA CATALOGACIÓN
Centro/agencia transcriptor CHAP
082 ## - NÚMERO DE LA CLASIFICACIÓN DECIMAL DEWEY
Número de clasificación 664.0028 C4
100 ## - ENTRADA PRINCIPAL--NOMBRE DE PERSONA
Nombre de persona Cheng, Ling-min
9 (RLIN) 153369
245 ## - MENCIÓN DE TÍTULO
Título Food Machinery, for the Production of Cereal Foods and Confectionery /
Mención de responsabilidad, etc. by Ling-min Cheng
260 ## - PUBLICACIÓN, DISTRIBUCIÓN, ETC.
Lugar de publicación, distribución, etc. New york, Ellis Horwood
Fecha de publicación, distribución, etc. 1992
300 ## - DESCRIPCIÓN FÍSICA
Extensión 290P.
500 ## - NOTA GENERAL
Nota general I. 168377
650 ## - PUNTO DE ACCESO ADICIONAL DE MATERIA--TÉRMINO DE MATERIA
Término de materia o nombre geográfico como elemento de entrada Alimentos
Subdivisión general procesamiento
9 (RLIN) 153370
901 ## - ELEMENTOS DE DATOS A LOCAL LDA (RLIN)
a 664.0028 C4
902 ## - ELEMENTOS DE DATOS B LOCAL, LDB (RLIN)
a M
905 ## - ELEMENTOS DE DATOS E LOCAL, LDE (RLIN)
a 0000001992 NEWA 0000000000ING00
942 ## - ELEMENTOS DE PUNTO DE ACCESO ADICIONAL (KOHA)
Tipo de ítem Koha Libro
Fuente del sistema de clasificación o colocación Dewey Decimal Classification
Holdings
Estado de retiro Estado de pérdida Fuente del sistema de clasificación o colocación Estado dañado Restricciones de uso No para préstamo Código de colección Localización permanente Ubicación/localización actual Fecha de adquisición Fuente de adquisición Información codificada de la localización en otra ubicación Coste, precio normal de compra Número de inventario Total de préstamos Signatura topográfica completa Código de barras Fecha visto por última vez Número de copia Tipo de ítem Koha
    Dewey Decimal Classification   Préstamo interno   General Ingenieria Agroindustrial Ingenieria Agroindustrial 06/10/1993 Compra Librería patena F. 239, 7285, 10200 / (06/10/93) 1 338.00 168377   664.0028 C4 dia_3979 18/01/2022 1 Libro